Interconnection of SD Mladost with FEI STU Bratislava = Prepojenie ŠD Mladosť a FTE STU v Bratislave

Guardado en:
Detalles Bibliográficos
Autor principal: Yaseen, Kann Mohamed (Autor)
Otros Autores: Medvecký, Martin, 1968- (Orientador)
Formato: Manuscrito Libro
Lenguaje:inglés
Publicado: Bratislava : STU v Bratislave FEI, 2001
Materias:
Etiquetas: Agregar Etiqueta
Sin Etiquetas, Sea el primero en etiquetar este registro!

MARC

LEADER 00000ntm a22000003a 4500
001 stu58741
005 20160719164828.9
008 010718s2001------------------------eng-d
040 |a STU  |b slo 
041 0 |a eng 
100 1 |a Yaseen, Kann Mohamed  |4 aut 
245 1 |a Interconnection of SD Mladost with FEI STU Bratislava = Prepojenie ŠD Mladosť a FTE STU v Bratislave 
260 |a Bratislava :  |b STU v Bratislave FEI,  |c 2001 
300 |a 45 s 
650 7 |a Telekomunikácie  |2 stusub 
700 1 |a Medvecký, Martin,  |d 1968-  |4 ths  |u E070  |U FEI Fakulta elektrotechniky a informatiky  |T FEI Ústav telekomunikácií  |X 1980  |U E070  |Y 818  |7 A000001980